Các mô hình xác suất và ứng dụng

সংরক্ষণ করুন:
গ্রন্থ-পঞ্জীর বিবরন
প্রধান লেখক: Nguyễn, Duy Tiến
বিন্যাস: গ্রন্থ
ভাষা:Undetermined
প্রকাশিত: Hà Nội Nxb. Đại học Quốc gia Hà Nội 2001
বিষয়গুলি:
ট্যাগগুলো: ট্যাগ যুক্ত করুন
কোনো ট্যাগ নেই, প্রথমজন হিসাবে ট্যাগ করুন!
Thư viện lưu trữ: Trung tâm Học liệu Trường Đại học Cần Thơ
LEADER 00672nam a2200193Ia 4500
001 CTU_48794
008 210402s9999 xx 000 0 und d
082 |a 519.2 
082 |b T305/T.1 
100 |a Nguyễn, Duy Tiến 
245 0 |a Các mô hình xác suất và ứng dụng 
245 0 |c Nguyễn Duy Tiến 
260 |a Hà Nội 
260 |b Nxb. Đại học Quốc gia Hà Nội 
260 |c 2001 
526 |a Quá trình ngẫu nhiên,Ước lượng tham số cho các quá trình ngẫu nhiên 
526 |b TN660,TNT606 
650 |a Probabilities 
980 |a Trung tâm Học liệu Trường Đại học Cần Thơ